000
00315nam a22001337a 4500
008
170331b xxu||||| |||| 00| 0 eng d
020
_a
0781716837
041
_a
eng
080
_2
2ND
_a
616-053.2
100
_a
8
101
_a
SHM
245
_a
DEVELOPMENTAL AND BEHAVIORAL PEDIATRICS
_c
PARKER, S
942
_2
udc
_c
BK
999
_c
9229
_d
9229